Planning reform: the requirement to replace supplementary planning guidance with supplementary planning documents (Record no. 74721)

MARC details
000 -LEADER
fixed length control field 01482cab a2200205 4500
001 - CONTROL NUMBER
control field ABS68662
008 - FIXED-LENGTH DATA ELEMENTS--GENERAL INFORMATION
fixed length control field 050114n2005 000 0 eng u
035 ## - SYSTEM CONTROL NUMBER
System control number (Sirsi) u128531
100 ## - MAIN ENTRY--PERSONAL NAME
Personal name Upton, W.
245 ## - TITLE STATEMENT
Title Planning reform: the requirement to replace supplementary planning guidance with supplementary planning documents
260 ## - PUBLICATION, DISTRIBUTION, ETC.
Date of publication, distribution, etc. 2005
490 ## - SERIES STATEMENT
Series statement Journal of Planning and Environment Law
Volume/sequential designation January 2005, 34-40(7)
520 ## - SUMMARY, ETC.
Summary, etc. Reviews the Supplementary Planning Document (SPD) requirement introduced in the Planning and Compulsory Purchase Act 2004, guidance on which is now published in "PPS 12: local development frameworks". It is only a requirement in England. Defines SPD in the context of the Local Development Scheme (LDS) that sets out a local authority's complete lists of local development documents comprising development plan documents and SPDs. Covers the inclusion of the SPD in the LDS, the interim status of Supplementary Planning Guidance (SPG), the content of the SPD, its adoption process and challenges to it. Concludes that the requirements regarding SPD already apply and there is now little point in adopting new SPG under the old informal procedures. Views the ultimate success or failure of the new system as hinging on the level of public consultation achieved.
590 ## - LOCAL NOTE (RLIN)
Local note ABS
650 ## - SUBJECT ADDED ENTRY--TOPICAL TERM
Topical term or geographic name entry element PLANNING REFORM
650 ## - SUBJECT ADDED ENTRY--TOPICAL TERM
Topical term or geographic name entry element PLANNING AND COMPULSORY PURCHASE ACT 2004
650 ## - SUBJECT ADDED ENTRY--TOPICAL TERM
Topical term or geographic name entry element PLANNING GUIDANCE
690 ## - LOCAL SUBJECT ADDED ENTRY--TOPICAL TERM (OCLC, RLIN)
Topical term or geographic name as entry element PLANNING
942 ## - ADDED ENTRY ELEMENTS (KOHA)
Suppress in OPAC 0
Holdings
Withdrawn status Lost status Source of classification or shelving scheme Damaged status Not for loan Home library Current library Shelving location Date acquired Total Checkouts Full call number Barcode Date last seen Copy number Price effective from Koha item type
    Dewey Decimal Classification     London London Journal article 14/01/2005   ABS68662 128531-1001 06/08/2019 1 06/08/2019 Journal article